000 00313nam a2200145Ia 4500
005 20260513122055.0
020 _a9789819656387
100 _aYi Sun
365 _c
365 _b28.00
942 _cBK
245 _aA Mathematical Introduction to Data Science
260 _bSpringer
999 _c134
_d134